HARAPAN SI BUTA

Bibliographic Details
Main Author: Amer Haji Matsom , 1954- (Author)
Format: Book
Published: Kuala Lumpur : Penerbit Orkid 1997
Series:SIRI KISAH MASYARAKAT PRIHATIN
Subjects:

MARC

LEADER 00000cam a2200000 7i4500
001 0000124032
005 20171121.0
008 080305t1997 myag 0001 bm
020 |a 9838911909 
040 |a PERPUSTAM   |b eng   |c PERPUSTAM   |e rda 
090 0 0 |a JF   |b SIR 
100 0 |a Amer Haji Matsom ,   |d 1954- ,   |e author 
245 0 0 |a HARAPAN SI BUTA   |c Amer Haji Matsom 
264 1 |a Kuala Lumpur :   |b Penerbit Orkid   |c 1997 
300 |a 60 pages :   |b illustration ;   |c 19cm. 
336 |a still image, rdacontent 
336 |a text   |b rdacontent 
337 |a unmediated  |2 rdamedia 
338 |a volume  |2 rdacarrier 
490 1 |a SIRI KISAH MASYARAKAT PRIHATIN 
650 1 0 |a Junior Fiction, Malay 
830 0 |a SIRI KISAH MASYARAKAT PRIHATIN 
999 |a 0000456888   |b Buku   |c Junior Fiction   |e Perbadanan Perpustakaan Awam Melaka 
999 |a 45163   |b Buku   |c Koleksi Pinjaman Kanak-Kanak   |e Perbadanan Perpustakaan Awam Melaka